2005 Wessex painting and decorating estimating handbook (Record no. 104213)
[ view plain ]
| 000 -LEADER | |
|---|---|
| fixed length control field | 01091cam a2200229 4500 |
| 001 - CONTROL NUMBER | |
| control field | L129489 |
| 008 - FIXED-LENGTH DATA ELEMENTS--GENERAL INFORMATION | |
| fixed length control field | 050422n2005 000 0 eng u |
| 020 ## - INTERNATIONAL STANDARD BOOK NUMBER | |
| International Standard Book Number | 0954736923 |
| 035 ## - SYSTEM CONTROL NUMBER | |
| System control number | (Sirsi) u129489 |
| 050 ## - LIBRARY OF CONGRESS CALL NUMBER | |
| Classification number | 698.1028 |
| -- | 18 |
| 245 ## - TITLE STATEMENT | |
| Title | 2005 Wessex painting and decorating estimating handbook |
| 250 ## - EDITION STATEMENT | |
| Edition statement | 12th ed. |
| 260 ## - PUBLICATION, DISTRIBUTION, ETC. | |
| Place of publication, distribution, etc. | Poole |
| Name of publisher, distributor, etc. | Wessex Electronic Publishing Ltd |
| Date of publication, distribution, etc. | 2005 |
| 300 ## - PHYSICAL DESCRIPTION | |
| Extent | v, 1528p. |
| Dimensions | 19 x 21cm. |
| 350 ## - PRICE (NR) (BK AM CF MU VM SE) [OBSOLETE] | |
| Price | 21.95 |
| 520 ## - SUMMARY, ETC. | |
| Summary, etc. | Aims to provide a guide to current competitive rates for painting and decorating works and trade information. The rates are presented in seven sections covering hourly rates and supply prices of materials, new internal work, new external work, wall coverings, internal redecoration, external redecoration and composite prices. Includes a list of government and trade organisations. |
| 520 ## - SUMMARY, ETC. | |
| Summary, etc. | SUPERSEDED by BCIS Wessex painting & decorating estimating price book (ISBN 0954736923) |
| 590 ## - LOCAL NOTE (RLIN) | |
| Local note | IKA210605 |
| 690 ## - LOCAL SUBJECT ADDED ENTRY--TOPICAL TERM (OCLC, RLIN) | |
| Topical term or geographic name as entry element | BUILT ENVIRONMENT-BUILDING MAINTENANCE AND REFURBISHMENT-MAINTENANCE COSTS |
| 942 ## - ADDED ENTRY ELEMENTS (KOHA) | |
| Suppress in OPAC | 0 |
| Withdrawn status | Lost status | Source of classification or shelving scheme | Damaged status | Not for loan | Home library | Current library | Shelving location | Date acquired | Cost, normal purchase price | Total Checkouts | Full call number | Barcode | Date last seen | Copy number | Cost, replacement price | Price effective from | Koha item type |
|---|---|---|---|---|---|---|---|---|---|---|---|---|---|---|---|---|---|
| Dewey Decimal Classification | London | London | Basement | 14/06/2005 | 18.66 | SHELF 439 | 30067474 | 06/08/2019 | 1 | 18.66 | 06/08/2019 | Book |